No I'm Not in Love - Tate McRae - Statistics

General Stats
  • This quiz has been taken 50 times
  • The average score is 411 of 463
Answer Stats
% Correct
am
100%
Don't
100%
don't
100%
Every
100%
every
100%
go
100%
I
100%
I'm
100%
(I'm
100%
in
100%
in,
100%
in)
100%
(In
100%
love
100%
(Love)
100%
love,
100%
love)
100%
No,
100%
no,
100%
no
100%
(No)
100%
not
100%
not,
100%
you
100%
(You
100%
You
100%
girl
97%
think
97%
to
97%
your
97%
And
93%
and
93%
at
93%
house
93%
it
93%
one
93%
one,
93%
that?
93%
that
93%
the
93%
we
93%
We
93%
Why
93%
(Why?)
93%
'bout
90%
gonna
90%
it's
90%
thinkin'
90%
eyes
87%
Six
87%
times
87%
would
87%
hate
83%
me
83%
oh
83%
Sky
83%
sleepin'
83%
week
83%
yeah
83%
(Yeah)
83%
'Cause
80%
come
80%
only
80%
Only
80%
Told
80%
told
80%
two,
80%
up
80%
be
77%
blue
77%
(Blue)
77%
three
77%
like
73%
like,
73%
same
73%
that's
73%
with
73%
convenient
70%
friend
70%
has
70%
never
70%
of
70%
been
67%
clothes,
67%
Sun's
67%
they
67%
now
63%
now)
63%
Swear
63%
fit
60%
know
60%
mine
60%
say
60%
them
60%
dressin'
57%
If
57%
reason,
57%
my
53%
got
50%
Or
50%
really
50%
what
50%
care
47%
feels
47%
good
47%
should
47%
ain't
43%
could
43%
kinda
43%
looks
43%
readin'
43%
babe
40%
exes
40%
lines
40%
taste,
40%
slip
37%
songs
37%
fact,
33%
fault
33%
probably
33%
somehow
33%
wasted
33%
advance
30%
lookin'
30%
Matter
30%
bothered
27%
friendses
27%
through
27%
singing
23%
No matching quizzes found
Score Distribution
Percent of People with Each Score
Percentile by Number Answered
Your Score History
You have not taken this quiz